| 000 | 01176cam a22003011i 4500 | ||
|---|---|---|---|
| 001 | 38557 | ||
| 003 | BD-RjUL | ||
| 005 | 20211209052821.0 | ||
| 008 | 151230s1975 xx b 000 0 beno | ||
| 035 | _a(BD-RjUL)38662 | ||
| 035 | _a(OCoLC)20450084 | ||
| 040 |
_aDLC _cWaU _dDLC _bben |
||
| 041 | _aben | ||
| 082 | 0 | 4 |
_222 _a891.442 _bMID 1975 |
| 100 | 1 |
_aমিত্র, দীনবন্ধু _d1829-1874. _9119008 |
|
| 245 | 1 | 0 |
_aদীনবন্ধু মিত্র : নীলদর্পণ / _cদীনবন্ধু মিত্র ; সম্পাদক খোন্দকার সিরাজুল হক |
| 250 | _a১ম সং | ||
| 260 |
_aকলিকাতা : _bইন্ডিয়া ইন্টা., _c১৯৭৫ |
||
| 300 |
_a১৬৪ পৃ ; _c২২ সেমি. |
||
| 500 | _aCover title: Dīnabandhu Mitrera Nīla Darpaṇa. | ||
| 500 | _aIn Bengali. | ||
| 504 | _aBibliography: p. [161]-164. | ||
| 650 |
_aBengali Drama. _9168046 |
||
| 650 |
_aবাংলা নাটক _9168047 |
||
| 700 | 1 |
_a হক, খোন্দকার সিরাজুল _9119009 |
|
| 942 |
_2ddc _cBK _02 |
||
| 999 |
_c38557 _d38557 |
||